<?xml version="1.0" encoding="UTF-8"?>
<record
    xmlns:xsi="http://www.w3.org/2001/XMLSchema-instance"
    xsi:schemaLocation="http://www.loc.gov/MARC21/slim http://www.loc.gov/standards/marcxml/schema/MARC21slim.xsd"
    xmlns="http://www.loc.gov/MARC21/slim">

  <leader>01953nam a22003617a 4500</leader>
  <controlfield tag="003">OSt</controlfield>
  <controlfield tag="005">20211019124412.0</controlfield>
  <controlfield tag="007">ta</controlfield>
  <controlfield tag="008">210217e2020    dr ac|||r||||z001 jdspa d</controlfield>
  <datafield tag="020" ind1=" " ind2=" ">
    <subfield code="a">9789945613117 (obra completa)</subfield>
  </datafield>
  <datafield tag="020" ind1=" " ind2=" ">
    <subfield code="a"> 9789945613124    (v.1)</subfield>
  </datafield>
  <datafield tag="020" ind1=" " ind2=" ">
    <subfield code="a">9789945613131 (v.2)</subfield>
  </datafield>
  <datafield tag="040" ind1=" " ind2=" ">
    <subfield code="a">DO-SdBNPH</subfield>
    <subfield code="b">spa</subfield>
    <subfield code="c">BPMSU </subfield>
  </datafield>
  <datafield tag="041" ind1=" " ind2=" ">
    <subfield code="h">spa</subfield>
  </datafield>
  <datafield tag="082" ind1=" " ind2="4">
    <subfield code="a">972.93697</subfield>
    <subfield code="b">H557v 2020</subfield>
    <subfield code="2">22</subfield>
  </datafield>
  <datafield tag="100" ind1="1" ind2=" ">
    <subfield code="a">Hern&#xE1;ndez Figueroa, Alfredo Rafael.</subfield>
  </datafield>
  <datafield tag="245" ind1="1" ind2="3">
    <subfield code="a">Vida social y cultural de la Vega en la primera mitad del Siglo XX  : </subfield>
    <subfield code="b">seg&#xFA;n el peri&#xF3;dico el Progreso /</subfield>
    <subfield code="c">Alfredo Rafael Hern&#xE1;ndez Figueroa ; presentaci&#xF3;n  Juan Francisco Dom&#xED;nguez Novas</subfield>
  </datafield>
  <datafield tag="260" ind1=" " ind2=" ">
    <subfield code="a">Santo Domingo :</subfield>
    <subfield code="b">Archivo General de la Naci&#xF3;n, </subfield>
    <subfield code="c">2020</subfield>
  </datafield>
  <datafield tag="300" ind1=" " ind2=" ">
    <subfield code="a">2v. :</subfield>
    <subfield code="b">il., retrs. ;</subfield>
    <subfield code="c">22 cm.</subfield>
  </datafield>
  <datafield tag="490" ind1="0" ind2=" ">
    <subfield code="a">Archivo General de la Naci&#xF3;n ;</subfield>
    <subfield code="v">327</subfield>
  </datafield>
  <datafield tag="500" ind1=" " ind2=" ">
    <subfield code="a">Incluye &#xED;ndice onom&#xE1;stico. </subfield>
  </datafield>
  <datafield tag="500" ind1=" " ind2=" ">
    <subfield code="a">Incluye referencias bibliogr&#xE1;ficas y notas al pie de las p&#xE1;ginas</subfield>
  </datafield>
  <datafield tag="500" ind1=" " ind2=" ">
    <subfield code="a">Incluye datos biogr&#xE1;ficos del autor en la solapas</subfield>
  </datafield>
  <datafield tag="505" ind1="0" ind2=" ">
    <subfield code="t">v.1: </subfield>
    <subfield code="t">Presentaci&#xF3;n.</subfield>
    <subfield code="t">Nota introductoria </subfield>
    <subfield code="t">Capitulo I. Sociedad y el teatro de la progresista </subfield>
    <subfield code="t">Capitulo II. Sociedad amor al estudio, cultura y los nuevos.</subfield>
    <subfield code="t">Cap&#xED;tulo III. Teatro R&#xED;voli y las fiestas patronales </subfield>
    <subfield code="t">Capitulo IV. Carnaval social de los clubes de primera </subfield>
    <subfield code="t">Capitulo V. El feminismo en la Vega</subfield>
  </datafield>
  <datafield tag="505" ind1="0" ind2=" ">
    <subfield code="t">v.2.</subfield>
    <subfield code="t">Capitulo VI.  Vida social en La Vega.</subfield>
    <subfield code="t">Cap&#xED;tulo VII. Los juegos florales 1915 y 1924 </subfield>
    <subfield code="t">Cap&#xED;tulo VIII. Ideas antimperialistas socialistas en La Vega</subfield>
    <subfield code="t">Capitulo IX. La presencia de refugiados espa&#xF1;oles en La Vega a partir de 1940</subfield>
  </datafield>
  <datafield tag="590" ind1=" " ind2=" ">
    <subfield code="6">Inventariado, 2021/VM</subfield>
  </datafield>
  <datafield tag="651" ind1=" " ind2="4">
    <subfield code="a">La Vega (Rep&#xFA;blica Dominicana)</subfield>
    <subfield code="x">Vida social y costumbres</subfield>
    <subfield code="y">Siglo XX</subfield>
  </datafield>
  <datafield tag="651" ind1=" " ind2="4">
    <subfield code="a">La Vega (Rep&#xFA;blica Dominicana)</subfield>
    <subfield code="x">Historia Local</subfield>
    <subfield code="3"> </subfield>
  </datafield>
  <datafield tag="700" ind1="1" ind2=" ">
    <subfield code="a">Dom&#xED;nguez Novas, Juan Francisco </subfield>
  </datafield>
  <datafield tag="710" ind1="2" ind2=" ">
    <subfield code="a">Archivo General de la Naci&#xF3;n (Rep&#xFA;blica Dominicana)</subfield>
  </datafield>
  <datafield tag="910" ind1=" " ind2=" ">
    <subfield code="a">VMateo V. </subfield>
  </datafield>
  <datafield tag="942" ind1=" " ind2=" ">
    <subfield code="2">ddc</subfield>
    <subfield code="c">BK</subfield>
  </datafield>
  <datafield tag="952" ind1=" " ind2=" ">
    <subfield code="0">0</subfield>
    <subfield code="1">0</subfield>
    <subfield code="2">ddc</subfield>
    <subfield code="4">0</subfield>
    <subfield code="7">0</subfield>
    <subfield code="8">CD</subfield>
    <subfield code="a">BPMET</subfield>
    <subfield code="b">BPMET</subfield>
    <subfield code="d">2021-10-19</subfield>
    <subfield code="e">AGN</subfield>
    <subfield code="l">0</subfield>
    <subfield code="o">BPMSU CD 972.93697 H557v 2020</subfield>
    <subfield code="p">BPMSU21100117</subfield>
    <subfield code="r">2021-10-19</subfield>
    <subfield code="t">v.1</subfield>
    <subfield code="w">2021-10-19</subfield>
    <subfield code="y">BK</subfield>
  </datafield>
  <datafield tag="952" ind1=" " ind2=" ">
    <subfield code="0">0</subfield>
    <subfield code="1">0</subfield>
    <subfield code="2">ddc</subfield>
    <subfield code="4">0</subfield>
    <subfield code="7">0</subfield>
    <subfield code="8">CD</subfield>
    <subfield code="a">BPMET</subfield>
    <subfield code="b">BPMET</subfield>
    <subfield code="d">2021-10-19</subfield>
    <subfield code="e">AGN</subfield>
    <subfield code="o">BPMSU CD 972.93697 H557v 2020</subfield>
    <subfield code="p">BPMSU21100118</subfield>
    <subfield code="r">2021-10-19</subfield>
    <subfield code="t">v.1, e.2</subfield>
    <subfield code="w">2021-10-19</subfield>
    <subfield code="y">BK</subfield>
  </datafield>
  <datafield tag="952" ind1=" " ind2=" ">
    <subfield code="0">0</subfield>
    <subfield code="1">0</subfield>
    <subfield code="2">ddc</subfield>
    <subfield code="4">0</subfield>
    <subfield code="7">0</subfield>
    <subfield code="8">CD</subfield>
    <subfield code="a">BPMET</subfield>
    <subfield code="b">BPMET</subfield>
    <subfield code="d">2021-10-19</subfield>
    <subfield code="e">AGN</subfield>
    <subfield code="l">0</subfield>
    <subfield code="o">BPMSU CD 972.93697 H557v 2020</subfield>
    <subfield code="p">BPMSU21100119</subfield>
    <subfield code="r">2021-10-19</subfield>
    <subfield code="t">v.2, e.2</subfield>
    <subfield code="w">2021-10-19</subfield>
    <subfield code="y">BK</subfield>
  </datafield>
  <datafield tag="952" ind1=" " ind2=" ">
    <subfield code="0">0</subfield>
    <subfield code="1">0</subfield>
    <subfield code="2">ddc</subfield>
    <subfield code="4">0</subfield>
    <subfield code="7">0</subfield>
    <subfield code="8">CD</subfield>
    <subfield code="a">BPMET</subfield>
    <subfield code="b">BPMET</subfield>
    <subfield code="d">2021-10-19</subfield>
    <subfield code="e">AGN</subfield>
    <subfield code="l">0</subfield>
    <subfield code="o">BPMSU CD 972.93697 H557v 2020</subfield>
    <subfield code="p">BPMSU21100120</subfield>
    <subfield code="r">2021-10-19</subfield>
    <subfield code="t">v.2</subfield>
    <subfield code="w">2021-10-19</subfield>
    <subfield code="y">BK</subfield>
  </datafield>
  <datafield tag="999" ind1=" " ind2=" ">
    <subfield code="c">13807</subfield>
    <subfield code="d">13807</subfield>
  </datafield>
</record>
